Diccionario Laurousse usual
Guardado en:
| Hovedforfatter: | |
|---|---|
| Format: | Bog |
| Sprog: | Undetermined |
| Udgivet: |
México, Distrito Federal
Larousse
1974
|
| Fag: | |
| Tags: |
Tilføj Tag
Ingen Tags, Vær først til at tagge denne postø!
|
MARC
| LEADER | 00000nam a2200000Ia 4500 | ||
|---|---|---|---|
| 008 | 170316s9999 xx 000 0 und d | ||
| 020 | |a 968-6042-06-7 | ||
| 040 | |a cru BVZT | ||
| 090 | |a R-413 G-1d ESP | ||
| 100 | |a García-Pelayo y Gross, Ramóm | ||
| 245 | |a Diccionario Laurousse usual | ||
| 260 | |a México, Distrito Federal | ||
| 260 | |b Larousse | ||
| 260 | |c 1974 | ||
| 300 | |a 836 páginas | ||
| 650 | |a REFERENCIA |9 27 | ||
| 942 | |c REF |2 z | ||
| 999 | |c 14633 |d 14633 | ||



